000 00605nam a2200217Ia 4500
003 OSt
005 20220926045332.0
006 a|||||r|||| 00| 0
007 ta
008 220923b |||||||| |||| 00| 0 eng d
037 _cGeneral Book
040 _aRTL
_cRTL
_beng
041 _2eng
_aeng
082 _aX:93.2.N77t, L8/GD
110 _aIndia,wages,income and prices (Study group on-)
_9350084
245 0 _aReport
260 _c1978
700 _aIndia,wages,income and prices (Study group on-)
_9350085
942 _hX:93.2.N77t, L8/GD
_cGB
_2CC
999 _c677333
_d677333